Features of the Fine Structure of the Active Layers of Organic Solar Cells; Key Engineering Materials; Vol. 712 : Advanced Materials for Technical and Medical Purpose (AMTMP 2016)

Podrobná bibliografie
Parent link:Key Engineering Materials: Scientific Journal
Vol. 712 : Advanced Materials for Technical and Medical Purpose (AMTMP 2016).— 2016.— [P. 176-181]
Korporativní autor: Национальный исследовательский Томский политехнический университет (ТПУ) Институт физики высоких технологий (ИФВТ) Кафедра материаловедения и технологии металлов (МТМ)
Další autoři: Smirnov A. I. Alexander, Plotnikova N. V. Natalya, Burov V. G. Vladimir, Martyushev N. V. Nikita Vladimirovich
Shrnutí:Title screen
The article is devoted to investigation of fine structure of the active layers of organic solar cells. By using atomic forth microscopy (AFM) and transmission electron microscopy (TEM) it is clearly shown that thermal treatment of active layers at 150 °C for 10 minutes leads to increasing their crystallinity. During annealing processes of diffusion redistribution of the film components are activated, and this is accompanied by both the growth of the original crystalline phase and the formation of new crystals.
Режим доступа: по договору с организацией-держателем ресурса
Jazyk:angličtina
Vydáno: 2016
Edice:Design of Multiscale Composites and Polymers of New Generation
Témata:
On-line přístup:http://dx.doi.org/10.4028/www.scientific.net/KEM.712.176
Médium: MixedMaterials Elektronický zdroj Kapitola
KOHA link:https://koha.lib.tpu.ru/cgi-bin/koha/opac-detail.pl?biblionumber=651293

MARC

LEADER 00000nla2a2200000 4500
001 651293
005 20231225114044.0
035 |a (RuTPU)RU\TPU\network\16542 
035 |a RU\TPU\network\16541 
090 |a 651293 
100 |a 20161108a2016 k y0engy50 ba 
101 0 |a eng 
105 |a y z 100zy 
135 |a drgn ---uucaa 
181 0 |a i  
182 0 |a b 
200 1 |a Features of the Fine Structure of the Active Layers of Organic Solar Cells  |f A. I. Smirnov [et al.] 
203 |a Text  |c electronic 
225 1 |a Design of Multiscale Composites and Polymers of New Generation 
300 |a Title screen 
330 |a The article is devoted to investigation of fine structure of the active layers of organic solar cells. By using atomic forth microscopy (AFM) and transmission electron microscopy (TEM) it is clearly shown that thermal treatment of active layers at 150 °C for 10 minutes leads to increasing their crystallinity. During annealing processes of diffusion redistribution of the film components are activated, and this is accompanied by both the growth of the original crystalline phase and the formation of new crystals. 
333 |a Режим доступа: по договору с организацией-держателем ресурса 
461 0 |0 (RuTPU)RU\TPU\network\11477  |t Key Engineering Materials  |o Scientific Journal 
463 0 |0 (RuTPU)RU\TPU\network\16425  |t Vol. 712 : Advanced Materials for Technical and Medical Purpose (AMTMP 2016)  |o The Workshop , February 15-17, 2016, Tomsk, Russia  |o [proceedings]  |f National Research Tomsk Polytechnic University (TPU) ; eds. G. E. Osokin [et al.]  |v [P. 176-181]  |d 2016 
610 1 |a электронный ресурс 
610 1 |a труды учёных ТПУ 
610 1 |a тонкие структуры 
610 1 |a активные слои 
610 1 |a солнечные элементы 
610 1 |a просвечивающая электронная микроскопия 
610 1 |a отжиг 
610 1 |a пленки 
610 1 |a кристалличность 
701 1 |a Smirnov  |b A. I.  |g Alexander 
701 1 |a Plotnikova  |b N. V.  |g Natalya 
701 1 |a Burov  |b V. G.  |g Vladimir 
701 1 |a Martyushev  |b N. V.  |c specialist in the field of material science  |c Associate Professor of Tomsk Polytechnic University, Candidate of technical sciences  |f 1981-  |g Nikita Vladimirovich  |3 (RuTPU)RU\TPU\pers\32906  |9 16754 
712 0 2 |a Национальный исследовательский Томский политехнический университет (ТПУ)  |b Институт физики высоких технологий (ИФВТ)  |b Кафедра материаловедения и технологии металлов (МТМ)  |3 (RuTPU)RU\TPU\col\18689 
801 2 |a RU  |b 63413507  |c 20170120  |g RCR 
856 4 |u http://dx.doi.org/10.4028/www.scientific.net/KEM.712.176 
942 |c CF